000
00311nam a22001337a 4500
020
_a
0195610059
082
_a
823
_b
DIC/T
100
_a
CHARLES DICKENS
245
_a
TALE OF TWO CITIES
250
_a
1
260
_a
NEW DELHI
_b
OXFORD UNIVERSITY PRESS
_c
2002
650
_a
ENGLISH SHORT STORY
_z
DELHI
942
_c
BK
999
_c
3368
_d
3368